Statistics for 60's & 70's Kids TV

Click here to take the quiz!

General Stats

  • This quiz has been taken 13 times
  • The average score is 6 of 15

Answer Stats

HintAnswer% Correct
The Partridge -Family
100%
Josie And The -Pussycats
82%
The Adventures Of Black -Beauty
55%
Wacky -Races
55%
The Banana -Splits
55%
Camberwick -Green
45%
Vision -On
36%
The Tomorrow -People
36%
The Magic -Roundabout
36%
Blue -Peter
27%
The Flaxton -Boys
18%
Here Come The -Double Deckers
18%
Go With -Noakes
18%
Junior -Showtime
18%
The Kids From -47a
9%

Score Distribution

Percentile by Number Answered

Percent of People with Each Score

Your Score History

You have not taken this quiz